[Event "Be6!! Online Chess"]
[Site "Tornelo INT"]
[Date "2021.09.12"]
[Round "3"]
[White "Korkmaz, Necmettin"]
[Black "Taskaya, Muhammed"]
[Result "1-0"]
[WhiteElo "2107"]
[BlackElo "1997"]
[PlyCount "69"]
[EventDate "2021.09.12"]
[EventType "swiss (blitz)"]
[EventRounds "8"]
[EventCountry "NET"]
[SourceTitle "CBM 204 Extra"]
[Source "ChessBase"]
[SourceDate "2021.11.30"]
[SourceVersion "1"]
[SourceVersionDate "2021.11.30"]
[SourceQuality "1"]

1. e4 e6 2. d3 d5 3. Nd2 Nf6 4. Ngf3 c5 5. g3 Nc6 6. Bg2 Be7 7. 0-0 b5 8. Re1 a5 9. e5 Nd7 10. Nf1 g5 11. h3 h5 12. c4 bxc4 13. dxc4 Nb6 14. Ne3 d4 15. Nf1 Bb7 16. N1d2 Nb4 17. Ne4 Bxe4 18. Rxe4 Nxc4 19. a3 Nc6 20. Qa4 Qd5 21. Nxg5 Bxg5 22. Bxg5 Nxb2 23. Qb5 Rb8 24. Qa6 Qd7 25. Bf6 Rg8 26. Rg4 hxg4 27. Bxc6 gxh3 28. Bxd7+ Kxd7 29. Qd6+ Kc8 30. Qxc5+ Kb7 31. Qb5+ Ka7 32. Qxa5+ Kb7 33. Rb1 Kc6 34. Rc1+ Kb7 35. Rc7# 1-0

[Event "Be6!! Online Chess"]
[Site "Tornelo INT"]
[Date "2021.09.12"]
[Round "4"]
[White "Taskaya, Muhammed"]
[Black "Gunduz, Umut Erdem"]
[Result "0-1"]
[WhiteElo "1997"]
[BlackElo "2193"]
[PlyCount "144"]
[EventDate "2021.09.12"]
[EventType "swiss (blitz)"]
[EventRounds "8"]
[EventCountry "NET"]
[SourceTitle "CBM 204 Extra"]
[Source "ChessBase"]
[SourceDate "2021.11.30"]
[SourceVersion "1"]
[SourceVersionDate "2021.11.30"]
[SourceQuality "1"]

1. e4 e5 2. Nf3 Nc6 3. Bb5 a6 4. Bxc6 dxc6 5. d4 exd4 6. Qxd4 Qxd4 7. Nxd4 Bd6 8. Nc3 Bd7 9. Nde2 0-0-0 10. Bf4 Bc5 11. f3 Ne7 12. 0-0-0 Ng6 13. Bg3 h5 14. Rhf1 h4 15. Bf2 Bd6 16. Bg1 Nf4 17. Nxf4 Bxf4+ 18. Kb1 f6 19. Rd3 Be6 20. Rfd1 Bc4 21. Rxd8+ Rxd8 22. Bf2 g5 23. Rxd8+ Kxd8 24. g3 hxg3 25. Bxg3 Bf1 26. Bxf4 gxf4 27. Kc1 Bg2 28. Ne2 Bxf3 29. Nxf4 Bxe4 30. Ne6+ Kc8 31. Kd2 Bd5 32. Nc5 a5 33. a3 b6 34. Nd3 Kd7 35. Ke3 Ke6 36. Kf4 Kf7 37. c3 Kg6 38. Ne1 f5 39. Nc2 c5 40. Ne3 Be4 41. Nc4 Kh5 42. Ne3 Kg6 43. Nc4 Bd5 44. Ne3 Be6 45. Ke5 Bc8 46. Nd5 Kg5 47. Nf4 Kg4 48. Nd5 Kg5 49. Nf4 Bd7 50. Nd5 a4 51. Nxc7 f4 52. Nd5 f3 53. Ne3 Bc6 54. h4+ Kxh4 55. Kf4 f2 56. c4 Kh3 57. Ke5 Bg2 58. Kd6 f1Q 59. Nxf1 Bxf1 60. Kc6 Bxc4 61. Kxb6 Kg3 62. Kxc5 Bb3 63. Kd4 Kf2 64. Kc3 Ke1 65. Kd3 Kd1 66. Kc3 Kc1 67. Kd3 Kxb2 68. Kd2 Kxa3 69. Kc1 Ka2 70. Kd2 a3 71. Kc1 Ka1 72. Kd2 Kb2 0-1

[Event "Be6!! Online Chess"]
[Site "Tornelo INT"]
[Date "2021.09.12"]
[Round "1"]
[White "Taskaya, Muhammed"]
[Black "Olcayoz, Alper"]
[Result "0-1"]
[WhiteElo "1997"]
[BlackElo "2244"]
[PlyCount "114"]
[EventDate "2021.09.12"]
[EventType "swiss (blitz)"]
[EventRounds "8"]
[EventCountry "NET"]
[SourceTitle "CBM 204 Extra"]
[Source "ChessBase"]
[SourceDate "2021.11.30"]
[SourceVersion "1"]
[SourceVersionDate "2021.11.30"]
[SourceQuality "1"]

1. e4 e6 2. d4 d5 3. exd5 exd5 4. Bd3 Bd6 5. Ne2 Ne7 6. Nbc3 c6 7. Bf4 Bf5 8. 0-0 0-0 9. Qd2 Bxd3 10. Qxd3 Qd7 11. Rae1 Na6 12. Qg3 Bxf4 13. Nxf4 Nb4 14. Nh5 Ng6 15. Ne2 Nxc2 16. Rc1 Qf5 17. Nxg7 Kxg7 18. Qb3 Rfe8 19. Rxc2 Re7 20. Ng3 Qg5 21. h3 Rae8 22. a3 f5 23. Qf3 Rf7 24. Qh5 Qxh5 25. Nxh5+ Kh6 26. Ng3 f4 27. Ne2 f3 28. Ng3 fxg2 29. Kxg2 Nh4+ 30. Kh2 Nf3+ 31. Kg2 Nxd4 32. Rc3 Ne2 33. Re3 Rxe3 34. fxe3 Rxf1 35. Nxf1 Nc1 36. Kf3 Nd3 37. b3 Kg5 38. Nd2 Ne5+ 39. Kg3 Kf5 40. a4 c5 41. h4 a6 42. h5 b5 43. axb5 axb5 44. h6 c4 45. bxc4 dxc4 46. Kf2 b4 47. Ke2 c3 48. Nb3 Kg6 49. e4 Kxh6 50. Ke3 Kg5 51. Kd4 Kf4 52. Nc5 c2 53. Nb3 h5 54. Nc1 h4 55. Ne2+ Kf3 56. Nc1 h3 57. Kxe5 h2 0-1

[Event "Be6!! Online Chess"]
[Site "Tornelo INT"]
[Date "2021.09.12"]
[Round "6"]
[White "Taskaya, Muhammed"]
[Black "Ozsakallioglu, Okan"]
[Result "0-1"]
[WhiteElo "1997"]
[BlackElo "2254"]
[PlyCount "60"]
[EventDate "2021.09.12"]
[EventType "swiss (blitz)"]
[EventRounds "8"]
[EventCountry "NET"]
[SourceTitle "CBM 204 Extra"]
[Source "ChessBase"]
[SourceDate "2021.11.30"]
[SourceVersion "1"]
[SourceVersionDate "2021.11.30"]
[SourceQuality "1"]

1. e4 c5 2. d4 cxd4 3. c3 dxc3 4. Nxc3 e6 5. Nf3 Nc6 6. Bc4 a6 7. 0-0 b5 8. Bb3 Bb7 9. Qe2 Nge7 10. Bg5 Qb8 11. Rfd1 Ng6 12. Rd2 h6 13. Be3 Be7 14. Rad1 d6 15. Nd4 Nxd4 16. Bxd4 0-0 17. Qg4 Kh7 18. f4 e5 19. fxe5 dxe5 20. Be3 Bb4 21. Rf2 Bxc3 22. Bxf7 Nf4 23. Qf5+ Kh8 24. bxc3 Bc8 25. Rd7 Bxd7 26. Qxd7 Qc8 27. Qe7 Qxc3 28. Bd2 Qa1+ 29. Rf1 Qd4+ 30. Kh1 Qxd2 0-1

[Event "TUR-chT Clubs"]
[Site "Konya"]
[Date "2019.07.18"]
[Round "4.2"]
[White "Yasin, Hur"]
[Black "Taskaya, Muhammed"]
[Result "1/2-1/2"]
[WhiteElo "1953"]
[BlackElo "2011"]
[PlyCount "106"]
[EventDate "2019.07.16"]
[EventType "team-swiss"]
[EventRounds "9"]
[EventCountry "TUR"]
[SourceTitle "CBM 191 Extra"]
[Source "ChessBase"]
[SourceDate "2019.09.30"]
[SourceVersion "1"]
[SourceVersionDate "2019.09.30"]
[SourceQuality "1"]
[WhiteTeam "Deniz Genclik"]
[BlackTeam "Duzce AS Genclik"]
[WhiteTeamCountry "TUR"]
[BlackTeamCountry "TUR"]

1. e4 e6 2. Nf3 d5 3. e5 c5 4. b4 cxb4 5. a3 bxa3 6. c3 Bd7 7. d4 Nc6 8. Bd3 h6 9. 0-0 Na5 10. Nxa3 a6 11. Nd2 Rc8 12. Bb2 Bxa3 13. Rxa3 Bb5 14. Bxb5+ axb5 15. Qa1 b6 16. Rb1 Ne7 17. Bc1 Qd7 18. Qb2 Nc4 19. Nxc4 dxc4 20. Qxb5 Qxb5 21. Rxb5 Nd5 22. Rb1 Kd7 23. Rba1 Kc6 24. Kf1 Nc7 25. Ra4 Kd5 26. Ba3 Ra8 27. Bd6 Rxa4 28. Rxa4 Nb5 29. Bb4 Rc8 30. Ke2 g6 31. Kd2 Nc7 32. Ra7 Kc6 33. Bd6 Nb5 34. Rxf7 Nxd6 35. exd6 Kxd6 36. Rb7 Kc6 37. Rg7 g5 38. Rg6 Kd6 39. Rxh6 Ra8 40. Rh3 Ra2+ 41. Ke1 Ra1+ 42. Ke2 Ra2+ 43. Kf3 Rc2 44. Kg4 Rxf2 45. Rg3 Rf5 46. Rf3 b5 47. Re3 Kd5 48. g3 b4 49. cxb4 Kxd4 50. Rxe6 Rb5 51. Rd6+ Kc3 52. h4 gxh4 53. gxh4 Kxb4 1/2-1/2

[Event "TUR-chT Clubs"]
[Site "Konya"]
[Date "2019.07.17"]
[Round "2.2"]
[White "Demir, Ugur"]
[Black "Taskaya, Muhammed"]
[Result "1-0"]
[WhiteElo "1763"]
[BlackElo "2011"]
[PlyCount "92"]
[EventDate "2019.07.16"]
[EventType "team-swiss"]
[EventRounds "9"]
[EventCountry "TUR"]
[SourceTitle "CBM 191 Extra"]
[Source "ChessBase"]
[SourceDate "2019.09.30"]
[SourceVersion "1"]
[SourceVersionDate "2019.09.30"]
[SourceQuality "1"]
[WhiteTeam "Artvin Il Ozel"]
[BlackTeam "Duzce AS Genclik"]
[WhiteTeamCountry "TUR"]
[BlackTeamCountry "TUR"]

1. e4 e6 2. Qe2 c5 3. Nf3 Nc6 4. g3 Nf6 5. Bg2 Be7 6. e5 Nd5 7. c4 Ndb4 8. d3 d6 9. a3 Na6 10. exd6 Bxd6 11. Nc3 Nc7 12. Ne4 Be7 13. Be3 b6 14. Rd1 e5 15. Nxe5 Nxe5 16. d4 Nd7 17. dxc5 bxc5 18. Nxc5 0-0 19. Bxa8 Nxa8 20. Nxd7 Bxd7 21. Qd2 Be6 22. Qxd8 Bxd8 23. Bxa7 Bxc4 24. Bd4 Nb6 25. Kd2 Nd5 26. b4 Be7 27. Kc2 Ra8 28. Kb2 f5 29. Rc1 Bd3 30. Rhd1 Be4 31. Be5 Kf7 32. Rd4 g5 33. f4 Ra6 34. Kb3 Rh6 35. Re1 Nf6 36. fxg5 Ng4 37. gxh6 Nxe5 38. Rexe4 fxe4 39. Rxe4 Ke6 40. a4 Kd5 41. Re2 Bg5 42. a5 Nc6 43. Ka4 Bxh6 44. b5 Nd4 45. Re7 Bd2 46. Rxh7 Ke4 1-0

[Event "TUR-chT2"]
[Site "Konya"]
[Date "2018.07.11"]
[Round "2.11"]
[White "Vardar, Harun"]
[Black "Taskaya, Muhammed"]
[Result "0-1"]
[WhiteElo "1832"]
[BlackElo "2037"]
[PlyCount "118"]
[EventDate "2018.07.10"]
[EventType "team-swiss"]
[EventRounds "9"]
[EventCountry "TUR"]
[SourceTitle "EXT 2019"]
[Source "ChessBase"]
[SourceDate "2018.10.10"]
[SourceVersion "1"]
[SourceVersionDate "2018.10.10"]
[SourceQuality "1"]
[WhiteTeam "Sakarya Buyuksehir"]
[BlackTeam "Duzce Duzcespor"]
[WhiteTeamCountry "TUR"]
[BlackTeamCountry "TUR"]

1. f4 e5 2. fxe5 d6 3. exd6 Bxd6 4. Nf3 g5 5. g3 g4 6. Nh4 Ne7 7. d4 Ng6 8. Nxg6 hxg6 9. Bg2 Rxh2 10. Rxh2 Bxg3+ 11. Kf1 Bxh2 12. Be3 Nc6 13. Nc3 Qf6+ 14. Ke1 Bg3+ 15. Kd2 Bf4 16. Nd5 Qxd4+ 17. Ke1 Bg3+ 18. Kf1 Qe5 19. Qd2 Be6 20. Bg5 Bxd5 21. Qxd5 Qxd5 22. Bxd5 Be5 23. c3 f6 24. Be3 Ke7 25. Kg2 Rh8 26. Rh1 Rxh1 27. Kxh1 Kd6 28. Bf7 Ne7 29. Bh6 g5 30. Bf8 Kd7 31. e4 Nc6 32. Bh5 g3 33. Bg4+ Ke8 34. Bc5 b6 35. Be3 Bf4 36. Bd4 Ke7 37. Kg2 Be5 38. Be3 Na5 39. Be2 Nb7 40. Bd4 Kd6 41. Bd3 c5 42. Bxe5+ Kxe5 43. Kxg3 Nd6 44. Kf3 b5 45. a3 c4 46. Bc2 Nb7 47. a4 bxa4 48. Bxa4 Nc5 49. Bc2 Nd3 50. Bxd3 cxd3 51. Ke3 g4 52. Kxd3 Kf4 53. Ke2 Kxe4 54. b4 f5 55. c4 Kd4 56. c5 Kd5 57. Ke3 a6 58. Kf4 Kc6 59. Ke3 a5 0-1

[Event "Belgrade Trophy 31st"]
[Site "Belgrade"]
[Date "2017.11.30"]
[Round "7"]
[White "Svicevic, Rastko"]
[Black "Taskaya, Muhammed"]
[Result "1/2-1/2"]
[WhiteElo "2254"]
[BlackElo "2016"]
[PlyCount "80"]
[EventDate "2017.11.24"]
[EventType "swiss"]
[EventRounds "9"]
[EventCountry "SRB"]
[SourceTitle "CBM 181 Extra"]
[Source "ChessBase"]
[SourceDate "2017.12.12"]
[SourceVersion "1"]
[SourceVersionDate "2017.12.12"]
[SourceQuality "1"]

1. f4 e5 2. fxe5 d6 3. exd6 Bxd6 4. g3 h5 5. Nf3 h4 6. Rg1 hxg3 7. hxg3 Rh1 8. Kf2 Rxg1 9. Kxg1 Bxg3 10. d3 Nc6 11. Qd2 Bg4 12. Qg5 Qxg5 13. Nxg5 0-0-0 14. Na3 Nd4 15. Kg2 Bd6 16. Nxf7 Bxa3 17. Nxd8 Nxc2 18. Rb1 Be7 19. Nf7 Be6 20. Bf4 Bxf7 21. Rc1 g5 22. Be5 Ne3+ 23. Kf3 Nxf1 24. Rxc7+ Kd8 25. Kf2 Bd5 26. Kxf1 Bc6 27. b4 a6 28. a4 Bxb4 29. Rg7 Ne7 30. Rxg5 Bxa4 31. e4 Bb5 32. Ke2 Nc6 33. Bb2 Be7 34. Rg8+ Kd7 35. Ke3 a5 36. d4 a4 37. d5 Nb4 38. Rg7 Kd8 39. Rxe7 Nxd5+ 40. exd5 Kxe7 1/2-1/2

[Event "Belgrade Trophy 31st"]
[Site "Belgrade"]
[Date "2017.11.27"]
[Round "4"]
[White "Taskaya, Muhammed"]
[Black "Jovanovic, Sasa T"]
[Result "1/2-1/2"]
[WhiteElo "2016"]
[BlackElo "2196"]
[PlyCount "61"]
[EventDate "2017.11.24"]
[EventType "swiss"]
[EventRounds "9"]
[EventCountry "SRB"]
[SourceTitle "CBM 181 Extra"]
[Source "ChessBase"]
[SourceDate "2017.12.12"]
[SourceVersion "1"]
[SourceVersionDate "2017.12.12"]
[SourceQuality "1"]

1. e4 e5 2. Nf3 Nc6 3. Bb5 a6 4. Bxc6 dxc6 5. d4 exd4 6. Qxd4 Qxd4 7. Nxd4 Bd7 8. Nc3 0-0-0 9. Be3 Bb4 10. Nde2 Ne7 11. 0-0-0 Ng6 12. a3 Be7 13. Nf4 Nxf4 14. Bxf4 Rhe8 15. f3 b5 16. Rd3 a5 17. Rhd1 Be6 18. Rxd8+ Bxd8 19. Ne2 Bd7 20. Bd2 f5 21. Ng3 fxe4 22. Nxe4 a4 23. Bc3 Bf5 24. Ng3 g6 25. Nxf5 gxf5 26. Re1 Rf8 27. Kd2 Rf7 28. Re8 Kd7 29. Rg8 Be7 30. Rg7 Rxg7 31. Bxg7 1/2-1/2

[Event "EU-Cup 33rd"]
[Site "Antalya"]
[Date "2017.10.14"]
[Round "7.4"]
[White "Taskaya, Muhammed"]
[Black "Barp, Alberto"]
[Result "1/2-1/2"]
[WhiteElo "1980"]
[BlackElo "2277"]
[PlyCount "78"]
[EventDate "2017.10.08"]
[EventType "team-swiss"]
[EventRounds "7"]
[EventCountry "TUR"]
[SourceTitle "CBM 181"]
[Source "ChessBase"]
[SourceDate "2017.11.10"]
[SourceVersion "1"]
[SourceVersionDate "2017.11.10"]
[SourceQuality "1"]
[WhiteTeam "Karaman Belediye"]
[BlackTeam "Augusta Perusia"]
[WhiteTeamCountry "TUR"]
[BlackTeamCountry "ITA"]

1. e4 e5 2. Nf3 Nc6 3. Bb5 a6 4. Bxc6 dxc6 5. d4 exd4 6. Qxd4 Qxd4 7. Nxd4 Bd7 8. Be3 0-0-0 9. Nd2 c5 10. Ne2 Re8 11. 0-0-0 f5 12. Ng3 fxe4 13. Ngxe4 b6 14. Rhe1 Bc6 15. f3 Ne7 16. Ng5 Nd5 17. Bf2 Be7 18. Nde4 Nf6 19. c3 Nxe4 20. Nxe4 Rhf8 21. Kc2 a5 22. Re2 Bd8 23. Rde1 Re5 24. Bg3 Ref5 25. Nd2 g5 26. Re5 h5 27. Rxf5 Rxf5 28. Re5 Rxe5 29. Bxe5 Kd7 30. h3 Ke6 31. Bh2 Be8 32. Kd3 a4 33. Ne4 Bg6 34. c4 Bf5 35. Ke3 Kf7 36. Nc3 Be6 37. Kd3 Bd7 38. Nb5 Bf5+ 39. Kd2 Be6 1/2-1/2

[Event "EU-Cup 33rd"]
[Site "Antalya"]
[Date "2017.10.12"]
[Round "5.4"]
[White "Taskaya, Muhammed"]
[Black "Burcu, Cagatay"]
[Result "0-1"]
[WhiteElo "1980"]
[BlackElo "2283"]
[PlyCount "42"]
[EventDate "2017.10.08"]
[EventType "team-swiss"]
[EventRounds "7"]
[EventCountry "TUR"]
[SourceTitle "CBM 181"]
[Source "ChessBase"]
[SourceDate "2017.11.10"]
[SourceVersion "1"]
[SourceVersionDate "2017.11.10"]
[SourceQuality "1"]
[WhiteTeam "Karaman Belediye"]
[BlackTeam "Besiktas Jimnastik"]
[WhiteTeamCountry "TUR"]
[BlackTeamCountry "TUR"]

1. e4 e6 2. d4 d5 3. exd5 exd5 4. Bd3 Nc6 5. Ne2 Bd6 6. Nbc3 Be6 7. Nb5 Qf6 8. Nxd6+ cxd6 9. Be3 Nge7 10. Qd2 h6 11. 0-0-0 0-0-0 12. f3 Bf5 13. Rhe1 Bxd3 14. Qxd3 Kb8 15. Qb5 Rc8 16. Rd3 Rc7 17. Rb3 Nf5 18. Bf2 Qg5+ 19. Kb1 Qxg2 20. Bg3 Re8 21. Nc3 Rxe1+ 0-1

[Event "TUR Cup"]
[Site "Antalya"]
[Date "2017.02.03"]
[Round "10"]
[White "Taskaya, Muhammed"]
[Black "Kamer, Kayra"]
[Result "1/2-1/2"]
[WhiteElo "1966"]
[BlackElo "2164"]
[PlyCount "68"]
[EventDate "2017.01.28"]
[EventType "swiss"]
[EventRounds "11"]
[EventCountry "TUR"]
[SourceTitle "CBM 176 Extra"]
[Source "ChessBase"]
[SourceDate "2017.03.02"]
[SourceVersion "1"]
[SourceVersionDate "2017.03.02"]
[SourceQuality "1"]

1. e4 c5 2. Nf3 e6 3. d4 cxd4 4. c3 Nf6 5. e5 Nd5 6. cxd4 d6 7. Nc3 dxe5 8. Nxd5 Qxd5 9. dxe5 Qxd1+ 10. Kxd1 Bc5 11. Bb5+ Nd7 12. Ke2 a6 13. Bd3 Nb6 14. Rd1 Bd7 15. Be3 Bxe3 16. Kxe3 Nd5+ 17. Kd4 Bc6 18. Be4 0-0-0 19. Kc5 Kc7 20. Bxd5 Bxd5 21. Rd3 h6 22. Rc1 Bxa2 23. Kb4+ Kb6 24. Rxd8 Rxd8 25. b3 Rd3 26. Ka3 Bxb3 27. Rb1 Kc5 28. Rxb3 Kc4 29. Ka2 Rxb3 30. Nd2+ Kd3 31. Nxb3 Ke2 32. f4 b6 33. Nd4+ Ke3 34. Nxe6 Ke4 1/2-1/2

[Event "TUR Cup"]
[Site "Antalya"]
[Date "2017.02.01"]
[Round "7"]
[White "Arslanargun, Zana"]
[Black "Taskaya, Muhammed"]
[Result "0-1"]
[WhiteElo "1710"]
[BlackElo "1966"]
[PlyCount "56"]
[EventDate "2017.01.28"]
[EventType "swiss"]
[EventRounds "11"]
[EventCountry "TUR"]
[SourceTitle "CBM 176 Extra"]
[Source "ChessBase"]
[SourceDate "2017.03.02"]
[SourceVersion "1"]
[SourceVersionDate "2017.03.02"]
[SourceQuality "1"]

1. d4 d5 2. c4 Nc6 3. cxd5 Qxd5 4. Nf3 e5 5. e3 Bg4 6. Be2 exd4 7. exd4 Nf6 8. Nc3 Bb4 9. 0-0 Bxc3 10. bxc3 0-0 11. h3 Bh5 12. c4 Qd6 13. Be3 Rad8 14. Qc1 Rfe8 15. Re1 Bg6 16. Bf4 Qd7 17. d5 Nb4 18. Nh4 Nc2 19. Nxg6 Nxe1 20. Ne5 Qf5 21. Bh2 Rxe5 22. Bxe5 Qxe5 23. Qxe1 Re8 24. Kf1 Qh2 25. f3 Nh5 26. Kf2 Nf4 27. Qf1 Rxe2+ 28. Qxe2 Qxg2+ 0-1

[Event "TUR Cup"]
[Site "Antalya"]
[Date "2017.01.31"]
[Round "5"]
[White "Akdagli, Gokhan"]
[Black "Taskaya, Muhammed"]
[Result "0-1"]
[WhiteElo "1788"]
[BlackElo "1966"]
[PlyCount "113"]
[EventDate "2017.01.28"]
[EventType "swiss"]
[EventRounds "11"]
[EventCountry "TUR"]
[SourceTitle "CBM 176 Extra"]
[Source "ChessBase"]
[SourceDate "2017.03.02"]
[SourceVersion "1"]
[SourceVersionDate "2017.03.02"]
[SourceQuality "1"]

1. e4 e6 2. d4 d5 3. exd5 exd5 4. Bd3 Bd6 5. Nf3 Bg4 6. h3 Bh5 7. Be3 Nc6 8. c3 Nge7 9. Nbd2 Qd7 10. 0-0 h6 11. Bb5 f5 12. Nb3 g5 13. Nc5 Bxc5 14. dxc5 0-0-0 15. Bd4 Rhg8 16. Re1 a6 17. Ba4 Ng6 18. Qd3 Nf4 19. Qe3 Bxf3 20. Qxf3 Kb8 21. Bc2 Rde8 22. Kh2 Ne7 23. Rad1 Neg6 24. g3 g4 25. Bxf5 Qxf5 26. hxg4 Qg5 27. Rxe8+ Rxe8 28. gxf4 Nxf4 29. Be3 Re4 30. Rd4 Qh4+ 31. Kg1 Rxe3 32. Qxe3 Qxg4+ 33. Kf1 Qg2+ 34. Ke1 Qg1+ 35. Kd2 Ng2 36. Rg4 Qf1 37. Qe2 Qh1 38. c6 Nh4 39. Rg8+ Ka7 40. Qe3+ b6 41. Rf8 Qb1 42. Qd3 Qxb2+ 43. Qc2 Qb5 44. Rf4 d4 45. Qd3 Qb2+ 46. Qc2 Qb5 47. Qd3 Qb2+ 48. Qc2 Qb5 49. Re4 Nf3+ 50. Kc1 d3 51. Qd1 d2+ 52. Kc2 Qf5 53. Qe2 Ng5 54. f3 Nxe4 55. fxe4 Qe6 56. Kb2 Qd6 57. Qd1 0-1

[Event "Manavgat Turkey Cup"]
[Site "Manavgat"]
[Date "2016.02.04"]
[Round "8"]
[White "Taskaya, Muhammed"]
[Black "Sahin, Ozgun"]
[Result "1-0"]
[WhiteElo "1911"]
[BlackElo "2085"]
[PlyCount "87"]
[EventDate "2016.01.30"]
[EventType "swiss"]
[EventRounds "11"]
[EventCountry "TUR"]
[SourceTitle "CBM 170 Extra"]
[Source "ChessBase"]
[SourceDate "2016.02.25"]
[SourceVersion "1"]
[SourceVersionDate "2016.02.25"]
[SourceQuality "1"]

1. e4 c5 2. d4 cxd4 3. Nf3 Nc6 4. Nxd4 g6 5. Be3 Bg7 6. Nc3 Nf6 7. Be2 0-0 8. h4 h5 9. Nb3 d6 10. Qd2 a5 11. 0-0-0 a4 12. Nd4 a3 13. b3 Qa5 14. f3 Bd7 15. Nxc6 bxc6 16. Na4 Qxd2+ 17. Rxd2 c5 18. Nb6 Ra7 19. Nxd7 Nxd7 20. Rdd1 Ne5 21. c3 Rb7 22. Kc2 c4 23. b4 Rc8 24. Rd5 Nd3 25. Rb1 Be5 26. Ra5 Bg3 27. Bxd3 cxd3+ 28. Kxd3 Bxh4 29. Rxa3 e6 30. b5 d5 31. exd5 exd5 32. b6 Bf6 33. Rab3 Ra8 34. Ra1 Ra4 35. Rb5 Ra3 36. Bd4 Bxd4 37. Kxd4 Kf8 38. Rc1 Ke7 39. Kxd5 Kd7 40. Rc2 f5 41. Kc5 g5 42. Rd2+ Kc8 43. Kb4 Ra6 44. Rc5+ 1-0

[Event "Manavgat Turkey Cup"]
[Site "Manavgat"]
[Date "2016.02.02"]
[Round "5"]
[White "Ceylan, Metin"]
[Black "Taskaya, Muhammed"]
[Result "0-1"]
[WhiteElo "1815"]
[BlackElo "1911"]
[PlyCount "102"]
[EventDate "2016.01.30"]
[EventType "swiss"]
[EventRounds "11"]
[EventCountry "TUR"]
[SourceTitle "CBM 170 Extra"]
[Source "ChessBase"]
[SourceDate "2016.02.25"]
[SourceVersion "1"]
[SourceVersionDate "2016.02.25"]
[SourceQuality "1"]

1. e4 e6 2. Nf3 d5 3. e5 c5 4. d4 Nc6 5. c3 f6 6. Bd3 cxd4 7. cxd4 Qc7 8. 0-0 fxe5 9. dxe5 Nxe5 10. Nxe5 Qxe5 11. Re1 Qc7 12. Qh5+ Kd8 13. Nc3 Nf6 14. Bg5 Be7 15. Bxf6 Bxf6 16. Nb5 Qe7 17. Rac1 Bd7 18. Nc7 g6 19. Qe2 Rc8 20. Nb5 a6 21. Nc3 Rf8 22. g3 Bd4 23. Rf1 Qg5 24. Rc2 Qe5 25. Qd2 Bc6 26. Ne2 Bb6 27. Qh6 Qf6 28. Nf4 e5 29. Ne6+ Qxe6 30. Qxf8+ Kc7 31. Qg7+ Kb8 32. Qxh7 e4 33. Be2 d4 34. Bc4 Qf6 35. Qf7 Qxf7 36. Bxf7 d3 37. Rd2 e3 38. fxe3 Bxe3+ 39. Rdf2 Be4 40. Bb3 Rf8 41. h4 Rf3 42. Bd1 Rf8 43. b4 Kc7 44. Bg4 Kd6 45. Bd1 Ke5 46. Bb3 Kd4 47. g4 Rf3 48. Kh2 Bxf2 49. Bd1 Bg3+ 50. Kg2 Rf2+ 51. Kg1 Rg2+ 0-1

[Event "Manavgat Turkey Cup"]
[Site "Manavgat"]
[Date "2016.02.01"]
[Round "4"]
[White "Taskaya, Muhammed"]
[Black "Celik, Eda"]
[Result "1/2-1/2"]
[WhiteElo "1911"]
[BlackElo "1686"]
[PlyCount "71"]
[EventDate "2016.01.30"]
[EventType "swiss"]
[EventRounds "11"]
[EventCountry "TUR"]
[SourceTitle "CBM 170 Extra"]
[Source "ChessBase"]
[SourceDate "2016.02.25"]
[SourceVersion "1"]
[SourceVersionDate "2016.02.25"]
[SourceQuality "1"]

1. e4 e5 2. Nf3 Nc6 3. Bb5 a6 4. Bxc6 dxc6 5. d4 exd4 6. Qxd4 Qxd4 7. Nxd4 Bd7 8. Be3 0-0-0 9. Nc3 Ne7 10. 0-0-0 h6 11. f4 g6 12. Nf3 Bg7 13. Bd4 Bxd4 14. Rxd4 c5 15. Rd2 Be6 16. h3 Rxd2 17. Kxd2 Rd8+ 18. Ke3 f5 19. e5 Nc6 20. Rd1 Rxd1 21. Nxd1 Bxa2 22. b3 c4 23. Nd2 cxb3 24. cxb3 Na5 25. b4 Nc4+ 26. Nxc4 Bxc4 27. Kd4 Be6 28. Nc3 b6 29. Nd5 Kd7 30. Nf6+ Ke7 31. h4 c6 32. h5 gxh5 33. Nxh5 Bd5 34. Ng7 Be6 35. Nh5 Bd5 36. Ng7 1/2-1/2

[Event "Malatya Golden Apricot op 3rd"]
[Site "Malatya"]
[Date "2015.08.29"]
[Round "7"]
[White "Taskaya, Muhammed"]
[Black "Rahmanov, Shahriyar Teymur Og"]
[Result "0-1"]
[WhiteElo "1867"]
[BlackElo "2338"]
[PlyCount "56"]
[EventDate "2015.08.25"]
[EventType "swiss"]
[EventRounds "9"]
[EventCountry "TUR"]
[SourceTitle "EXT 2016"]
[Source "ChessBase"]
[SourceDate "2015.10.08"]
[SourceVersion "1"]
[SourceVersionDate "2015.10.08"]
[SourceQuality "1"]

1. e4 g6 2. d4 Bg7 3. Bc4 c6 4. Nc3 b5 5. Bb3 b4 6. Na4 d6 7. Ne2 Nf6 8. f3 0-0 9. Be3 Nbd7 10. Qd2 a5 11. c3 Rb8 12. g4 bxc3 13. Naxc3 e5 14. g5 Nh5 15. d5 c5 16. Ng3 Nf4 17. Bxf4 exf4 18. Qxf4 Ne5 19. 0-0 Bh3 20. Qd2 c4 21. f4 Qb6+ 22. Kh1 Bxf1 23. fxe5 Bh3 24. Bxc4 Qxb2 25. Qxb2 Rxb2 26. Rb1 Rc2 27. Nge2 Bxe5 28. Bb3 Rxc3 0-1

[Event "Kemer Turkey Cup"]
[Site "Kemer"]
[Date "2014.02.02"]
[Round "2"]
[White "Oney, Gulumser"]
[Black "Taskaya, Muhammed"]
[Result "0-1"]
[WhiteElo "1679"]
[BlackElo "1792"]
[PlyCount "104"]
[EventDate "2014.02.01"]
[EventType "swiss"]
[EventRounds "9"]
[EventCountry "TUR"]
[SourceTitle "CBM 158 Extra"]
[Source "ChessBase"]
[SourceDate "2014.02.28"]
[SourceVersion "1"]
[SourceVersionDate "2014.02.28"]
[SourceQuality "1"]

1. Nf3 Nf6 2. g3 g6 3. Bg2 Bg7 4. 0-0 0-0 5. d3 d5 6. Nbd2 Nbd7 7. Re1 e5 8. e4 d4 9. Nc4 Qe7 10. a4 Ne8 11. Qe2 Nb6 12. Nfd2 Bh6 13. Rf1 Nxc4 14. Nxc4 Bxc1 15. Raxc1 Bd7 16. b3 Nd6 17. Nxd6 Qxd6 18. f4 f6 19. f5 g5 20. h4 gxh4 21. Qg4+ Kh8 22. Qxh4 b5 23. axb5 Rg8 24. Kf2 Kg7 25. Rh1 Rh8 26. Qg4+ Kf7 27. Rxh7+ Rxh7 28. Qg6+ Ke7 29. Qxh7+ Kd8 30. Qh8+ Be8 31. Rh1 c6 32. Rh6 cxb5 33. Qxf6+ Qxf6 34. Rxf6 Rc8 35. Rd6+ Bd7 36. Bf3 Rxc2+ 37. Be2 a5 38. Ra6 a4 39. bxa4 bxa4 40. Ra5 Kc7 41. Rxe5 a3 42. Ra5 a2 43. g4 Kb6 44. Ra3 Kc5 45. g5 Kb4 46. Ra7 Ba4 47. f6 a1Q 48. Ra8 Qd1 49. Kf3 Qxe2+ 50. Kf4 Qe3+ 51. Kf5 Rf2+ 52. Kg6 Rg2 0-1